Η θεσμική κόπωση της Ε.Ε μετά τη μεγάλη διεύρυνση της δεκαετίας του 2000 : διπλωματική εργασία [μεταπτυχιακή εργασία]

Αποθηκεύτηκε σε:
Λεπτομέρειες βιβλιογραφικής εγγραφής
Κύριος συγγραφέας: Δραγκός, Γαβριήλ
Συγγραφή απο Οργανισμό/Αρχή: Πανεπιστήμιο Αιγαίου Σχολή Ανθρωπιστικών Επιστημών Τμήμα Μεσογειακών Σπουδών Πρόγραμμα Μεταπτυχιακών Σπουδών Διακυβέρνηση, Ανάπτυξη και Ασφάλεια στη Μεσόγειο
Άλλοι συγγραφείς: Ντάλης, Σωτήρης (dgs [Επιβλέπων καθηγητής])
Μορφή: Thesis Βιβλίο
Γλώσσα:Greek
Δημοσίευση: 2015.
Θέματα:
Διαθέσιμο Online:http://hdl.handle.net/11610/17350
Ετικέτες: Προσθήκη ετικέτας
Δεν υπάρχουν, Καταχωρήστε ετικέτα πρώτοι!

MARC

LEADER 00000cam a2200000 a 4500
001 1/111241
008 160704s2015####gr | ||| |||| ||gre||
040 |a GR-MyUa  |b gre  |c GR-MyUa  |e AACR2 
041 0 |a gre 
082 7 |a 327.1   |2 (23) 
100 1 |a Δραγκός, Γαβριήλ. 
245 1 2 |a Η θεσμική κόπωση της Ε.Ε μετά τη μεγάλη διεύρυνση της δεκαετίας του 2000 :   |b διπλωματική εργασία [μεταπτυχιακή εργασία] /   |c Δραγκός Γαβριήλ ; επιβλέπων καθηγητής: Ντάλης Σωτήριος.  
260 |c 2015.  
300 |a 71 σ. ;   |c 30 εκ.  
502 # # |a Διατριβή (μεταπτυχιακή) – Πανεπιστήμιο Αιγαίου, Ρόδος, 2015. 
504 |a Βιβλιογραφία: σ. 68-69.  
506 1 |a Πλήρες κείμενο - Ενδοπανεπιστημιακή δημοσίευση - Κλειδωμένη η δυνατότητα αντιγραφής.  
610 2 0 |a European Union. 
610 2 0 |a European Economic Community. 
650 0 |a European federation. 
650 0 |a Regional planning  |z European Union countries. 
700 1 |a Ντάλης, Σωτήρης,  |e dgs [Επιβλέπων καθηγητής] 
710 2 |a Πανεπιστήμιο Αιγαίου   |b Σχολή Ανθρωπιστικών Επιστημών   |b Τμήμα Μεσογειακών Σπουδών   |b Πρόγραμμα Μεταπτυχιακών Σπουδών Διακυβέρνηση, Ανάπτυξη και Ασφάλεια στη Μεσόγειο. 
852 |a INST  |b RHODES  |c DIATR  |e 20160704  |h 327.1 ΔΡΑ  |p 005400038546  |q 005400038546  |t MTXE  |y 23 
856 |u http://hdl.handle.net/11610/17350 
924 |a Δραγκός   |b Γαβριήλ   |y Ρόδος  |z 2016-03  
970 |z 04-07-2016